Cruden's complete concordance to the old and new testaments/ (Record no. 9616)

MARC details
000 -LEADER
fixed length control field 00575nam a22001937a 4500
003 - CONTROL NUMBER IDENTIFIER
control field OSt
005 - DATE AND TIME OF LATEST TRANSACTION
control field 20260421085404.0
008 - FIXED-LENGTH DATA ELEMENTS--GENERAL INFORMATION
fixed length control field 260421b |||||||| |||| 00| 0 eng d
020 ## - INTERNATIONAL STANDARD BOOK NUMBER
International Standard Book Number 0-310-22920-0
040 ## - CATALOGING SOURCE
Original cataloging agency DWCL-Main lib
Transcribing agency OC
082 ## - DEWEY DECIMAL CLASSIFICATION NUMBER
Classification number Circ. 202.4 C888c 1968
100 ## - MAIN ENTRY--PERSONAL NAME
Personal name Cruden, Alexander
245 ## - TITLE STATEMENT
Title Cruden's complete concordance to the old and new testaments/
Statement of responsibility, etc. Cruden, Alexander
260 ## - PUBLICATION, DISTRIBUTION, ETC.
Place of publication, distribution, etc. U.S.A. :
Name of publisher, distributor, etc. Zondervan pub. house,
Date of publication, distribution, etc. c1968.
300 ## - PHYSICAL DESCRIPTION
Extent 803 p. ;
Dimensions 22 cm.
700 ## - ADDED ENTRY--PERSONAL NAME
Personal name Adams, A.D.
700 ## - ADDED ENTRY--PERSONAL NAME
Personal name Irwin, C.H.
942 ## - ADDED ENTRY ELEMENTS (KOHA)
Source of classification or shelving scheme Dewey Decimal Classification
Koha item type Book Circulation
Classification part Circ.
Suppress in OPAC No
952 ## - LOCATION AND ITEM INFORMATION (KOHA)
--
Holdings
Withdrawn status Lost status Source of classification or shelving scheme Damaged status Not for loan Home library Current library Shelving location Date acquired Total Checkouts Full call number Barcode Date last seen Copy number Price effective from Koha item type Uniform Resource Identifier
    Dewey Decimal Classification     College Library College Library Circulation 04/21/2026   Circ. 202.4 C888c 1968 CL31387 04/21/2026 c1 04/21/2026 BK-CIRC